[Event "10th Sharjah Cup Women 2020"]
[Site "Sharjah"]
[Date "2020.01.07"]
[Round "5.21"]
[White "Al-Fayyadh, Zainab Asif Abdulah"]
[Black "Kaushika Sridharan"]
[Result "1-0"]
[WhiteElo "1646"]
[BlackElo "1205"]
[Annotator "NA"]
[PlyCount "153"]
[EventDate "2020.01.04"]
[EventType "swiss"]
[EventCountry "UAE"]
[SourceTitle "playchess.com"]
[Source "ChessBase"]
[SourceQuality "1"]
[TimeControl "5400+30"]

1. e4 {[%emt 0:00:00]} c6 {[%emt 0:00:00]} 2. d4 {[%emt 0:00:00]} d5 {[%emt 0:00:00]} 3. exd5 {[%emt 0:00:00]} cxd5 {[%emt 0:00:09]} 4. Bd3 {[%emt 0:00:03]} Nc6 {[%emt 0:00:55]} 5. c3 {[%emt 0:00:24]} Nf6 {[%emt 0:01:40]} 6. h3 {[%emt 0:00:13]} e6 {[%emt 0:01:32]} 7. Nf3 {[%emt 0:00:24]} Bd6 {[%emt 0:03:08]} 8. O-O {[%emt 0:00:27]} O-O {[%emt 0:02:19]} 9. Re1 {[%emt 0:01:28]} b6 {[%emt 0:04:48]} 10. Bg5 {[%emt 0:00:36]} Bb7 {[%emt 0:05:58]} 11. Nbd2 {[%emt 0:00:50]} h6 {[%emt 0:04:10]} 12. Bh4 {[%emt 0:00:36]} Re8 {[%emt 0:04:47]} 13. Ne5 {[%emt 0:00:30]} Be7 {[%emt 0:07:04]} 14. Bb5 {[%emt 0:01:33]} Rc8 {[%emt 0:02:45]} 15. Qa4 {[%emt 0:01:58]} Qc7 {[%emt 0:06:02]} 16. Bg3 {[%emt 0:02:24]} Bd6 {[%emt 0:03:47]} 17. Ndf3 {[%emt 0:03:32]} Rf8 {[%emt 0:07:16]} 18. Bd3 {[%emt 0:05:30]} Bxe5 {[%emt 0:03:32]} 19. Nxe5 {[%emt 0:00:26]} Qd8 {[%emt 0:05:28]} 20. Qd1 {[%emt 0:05:41]} Nd7 {[%emt 0:05:12]} 21. Nxd7 {[%emt 0:07:21]} Qxd7 {[%emt 0:00:21]} 22. Qg4 {[%emt 0:01:29]} Qe7 {[%emt 0:02:43]} 23. Bh4 {[%emt 0:00:46]} g5 {[%emt 0:04:55]} 24. Bg3 {[%emt 0:04:03]} Qf6 {[%emt 0:02:21]} 25. h4 {[%emt 0:04:38]} Kh8 {[%emt 0:03:42]} 26. f4 {[%emt 0:04:45]} gxf4 {[%emt 0:05:54]} 27. Qxf4 {[%emt 0:11:11]} Qxf4 {[%emt 0:00:49]} 28. Bxf4 {[%emt 0:00:04]} Kg7 {[%emt 0:01:44]} 29. Rf1 {[%emt 0:00:05]} Rh8 {[%emt 0:00:42]} 30. Bb5 {[%emt 0:00:27]} Kf8 {[%emt 0:00:43]} 31. Bd6+ {[%emt 0:00:37]} Ke8 {[%emt 0:00:54]} 32. Rf6 {[%emt 0:01:12]} Rd8 {[%emt 0:00:53]} 33. Bf4 {[%emt 0:00:51]} h5 {[%emt 0:00:34]} 34. Rf1 {[%emt 0:00:32]} Rd7 {[%emt 0:01:07]} 35. Be2 {[%emt 0:01:42]} a6 {[%emt 0:01:35]} 36. Bh6 {[%emt 0:01:48]} Re7 {[%emt 0:01:27]} 37. Bxh5 {[%emt 0:01:04]} Rh7 {[%emt 0:00:28]} 38. g4 {[%emt 0:01:10]} Na5 {[%emt 0:00:43]} 39. b3 {[%emt 0:01:21]} Bc6 {[%emt 0:01:02]} 40. Bf4 {[%emt 0:01:46]} Bb5 {[%emt 0:00:43]} 41. Re1 {[%emt 0:01:14]} Kd7 {[%emt 0:01:48]} 42. Bg5 {[%emt 0:01:13]} Bd3 {[%emt 0:00:58]} 43. Rf3 {[%emt 0:01:18]} Be4 {[%emt 0:00:35]} 44. Rf4 {[%emt 0:00:33]} Re8 {[%emt 0:00:32]} 45. Rxf7+ {[%emt 0:01:14]} Rxf7 {[%emt 0:00:13]} 46. Bxf7 {[%emt 0:00:05]} Rf8 {[%emt 0:00:25]} 47. Rf1 {[%emt 0:00:15]} Rc8 {[%emt 0:00:47]} 48. Bd2 {[%emt 0:00:58]} Bd3 {[%emt 0:00:26]} 49. Re1 {[%emt 0:00:42]} Be4 {[%emt 0:00:14]} 50. Rf1 {[%emt 0:01:06]} Ke7 {[%emt 0:00:16]} 51. g5 {[%emt 0:00:29]} Rh8 {[%emt 0:00:46]} 52. h5 {[%emt 0:00:44]} Nc6 {[%emt 0:00:29]} 53. h6 {[%emt 0:06:17]} Nd8 {[%emt 0:00:28]} 54. Bh5 {[%emt 0:01:05]} Bf5 {[%emt 0:00:28]} 55. Kg2 {[%emt 0:00:38]} Nf7 {[%emt 0:00:37]} 56. Kg3 {[%emt 0:01:40]} b5 {[%emt 0:01:04]} 57. Bg4 {[%emt 0:00:41]} Bg6 {[%emt 0:00:30]} 58. Rf6 {[%emt 0:00:14]} Rg8 {[%emt 0:00:43]} 59. Rxe6+ {[%emt 0:00:23]} Kf8 {[%emt 0:00:32]} 60. Rxa6 {[%emt 0:00:15]} Be4 {[%emt 0:00:37]} 61. Ra8+ {[%emt 0:00:06]} Nd8 {[%emt 0:00:46]} 62. Rxd8+ {[%emt 0:00:06]} Kf7 {[%emt 0:00:07]} 63. Be6+ {[%emt 0:00:22]} Kxe6 {[%emt 0:00:08]} 64. Rxg8 {[%emt 0:00:06]} Kf7 {[%emt 0:00:06]} 65. Rb8 {[%emt 0:00:11]} Kg6 {[%emt 0:00:10]} 66. Rxb5 {[%emt 0:00:09]} Kf7 {[%emt 0:00:14]} 67. a4 {[%emt 0:00:10]} Ke7 {[%emt 0:00:06]} 68. h7 {[%emt 0:00:12]} Bxh7 {[%emt 0:00:09]} 69. Rb7+ {[%emt 0:00:04]} Kd6 {[%emt 0:00:12]} 70. Rxh7 {[%emt 0:00:06]} Ke6 {[%emt 0:00:09]} 71. a5 {[%emt 0:00:25]} Kd6 {[%emt 0:00:17]} 72. g6 {[%emt 0:00:08]} Ke6 {[%emt 0:00:29]} 73. a6 {[%emt 0:00:14]} Kf6 {[%emt 0:00:10]} 74. g7 {[%emt 0:00:09]} Kf7 {[%emt 0:00:13]} 75. a7 {[%emt 0:00:05]} Kg8 {[%emt 0:00:13]} 76. a8=Q+ {[%emt 0:00:17]} Kxh7 {[%emt 0:00:09]} 77. g8=Q# {[%emt 0:00:04]} 1-0

[Event "10th Sharjah Cup Women 2020"]
[Site "Sharjah"]
[Date "2020.01.07"]
[Round "5.22"]
[White "Aisha Mohamed Al Muaini"]
[Black "Al Ghafri, Wafia"]
[Result "0-1"]
[WhiteElo "1195"]
[BlackElo "1609"]
[Annotator "NA RC"]
[PlyCount "68"]
[EventDate "2020.01.04"]
[EventType "swiss"]
[EventCountry "UAE"]
[SourceTitle "playchess.com"]
[Source "ChessBase"]
[SourceQuality "1"]
[TimeControl "5400+30"]

1. e4 {[%emt 0:00:00]} c6 {[%emt 0:00:00]} 2. d3 {[%emt 0:00:00]} d5 {[%emt 0:00:10]} 3. Nd2 {[%emt 0:00:00]} e5 {[%emt 0:03:11]} 4. Ngf3 {[%emt 0:00:45]} Bd6 {[%emt 0:01:09]} 5. Be2 {[%emt 0:00:56]} Nf6 {[%emt 0:01:07]} 6. O-O {[%emt 0:00:17]} O-O {[%emt 0:01:21]} 7. b3 {[%emt 0:00:28]} Be6 8. Bb2 {[%emt 0:03:51]} Nbd7 {[%emt 0:08:47]} 9. c4 {[%emt 0:03:21]} d4 {[%emt 0:02:05]} 10. Ng5 {[%emt 0:02:36]} Nc5 {[%emt 0:07:24]} 11. b4 {[%emt 0:02:09]} Na6 {[%emt 0:02:23]} 12. Nxe6 {[%emt 0:00:33]} fxe6 {[%emt 0:00:26]} 13. c5 {[%emt 0:00:23]} Be7 {[%emt 0:01:05]} 14. Qb3 {[%emt 0:01:40]} Nc7 {[%emt 0:01:20]} 15. Nc4 {[%emt 0:00:31]} Nd7 {[%emt 0:01:57]} 16. Bg4 {[%emt 0:00:47]} Rf6 {[%emt 0:05:06]} 17. f4 {[%emt 0:12:32]} Rg6 {[%emt 0:21:08]} 18. Bh3 {[%emt 0:01:37]} Bf6 {[%emt 0:00:56]} 19. f5 {[%emt 0:01:27]} exf5 {[%emt 0:03:41]} 20. Nxe5+ {[%emt 0:00:28]} Nd5 {[%emt 0:08:23]} 21. Nxg6 {[%emt 0:00:57]} hxg6 {[%emt 0:01:03]} 22. exd5 {[%emt 0:00:08]} cxd5 {[%emt 0:04:51]} 23. Qxd5+ {[%emt 0:00:13]} Kh7 {[%emt 0:00:17]} 24. Bxd4 {[%emt 0:00:27]} Bxd4+ {[%emt 0:01:45]} 25. Qxd4 {[%emt 0:00:07]} Nf6 {[%emt 0:00:50]} 26. Qxd8 {[%emt 0:00:40]} Rxd8 {[%emt 0:00:03]} 27. Rad1 {[%emt 0:00:09]} Nd5 {[%emt 0:00:43]} 28. Rfe1 {[%emt 0:01:40]} Nxb4 {[%emt 0:01:13]} 29. Re7 {[%emt 0:00:11]} Nxa2 {[%emt 0:04:15]} 30. Rxb7 {[%emt 0:00:20]} Nc3 {[%emt 0:01:49]} 31. Ra1 {[%emt 0:02:42]} Rxd3 {[%emt 0:00:42]} 32. Raxa7 {[%emt 0:00:20]} Ne4 {[%emt 0:01:55]} 33. Rxg7+ {[%emt 0:00:21]} Kh6 {[%emt 0:00:18]} 34. c6 {[%emt 0:00:24]} Rd1# {[%emt 0:00:06]} 0-1

[Event "10th Sharjah Cup Women 2020"]
[Site "Sharjah"]
[Date "2020.01.07"]
[Round "5.23"]
[White "Yasmin, Ali"]
[Black "Tower, Nora"]
[Result "1-0"]
[WhiteElo "1527"]
[BlackElo "1203"]
[Annotator "NA RC"]
[PlyCount "91"]
[EventDate "2020.01.04"]
[EventType "swiss"]
[EventCountry "UAE"]
[SourceTitle "playchess.com"]
[Source "ChessBase"]
[SourceQuality "1"]
[TimeControl "5400+30"]

1. d4 {[%emt 0:00:00]} d5 {[%emt 0:00:00]} 2. c4 {[%emt 0:00:00]} c6 {[%emt 0:00:00]} 3. Nc3 {[%emt 0:00:00]} e6 {[%emt 0:00:00]} 4. cxd5 {[%emt 0:00:03]} exd5 {[%emt 0:00:14]} 5. Qc2 {[%emt 0:00:09]} Nf6 {[%emt 0:00:11]} 6. Bg5 {[%emt 0:00:16]} Be7 {[%emt 0:00:16]} 7. e3 {[%emt 0:00:08]} O-O {[%emt 0:00:28]} 8. Bd3 {[%emt 0:00:05]} h6 {[%emt 0:01:06]} 9. h4 {[%emt 0:04:53]} Re8 {[%emt 0:01:01]} 10. Bf4 {[%emt 0:03:13]} Nbd7 {[%emt 0:01:40]} 11. Nf3 {[%emt 0:00:45]} Nf8 {[%emt 0:00:56]} 12. Kf1 {[%emt 0:23:06]} Be6 {[%emt 0:03:26]} 13. Ne5 {[%emt 0:01:52]} Bd6 {[%emt 0:09:29]} 14. Ne2 {[%emt 0:05:44]} Rc8 {[%emt 0:01:04]} 15. Rc1 {[%emt 0:12:06]} Bxe5 {[%emt 0:23:09]} 16. Bxe5 {[%emt 0:00:28]} N6d7 {[%emt 0:01:56]} 17. Bd6 {[%emt 0:05:38]} Qf6 {[%emt 0:03:17]} 18. Ng3 {[%emt 0:01:25]} g6 {[%emt 0:06:18]} 19. Bf4 {[%emt 0:09:47]} Kg7 {[%emt 0:01:48]} 20. Qd2 {[%emt 0:02:43]} c5 {[%emt 0:04:50]} 21. Kg1 {[%emt 0:03:06]} cxd4 {[%emt 0:05:46]} 22. Rxc8 {[%emt 0:00:54]} Rxc8 {[%emt 0:01:12]} 23. exd4 {[%emt 0:00:07]} h5 {[%emt 0:00:55]} 24. Bb1 {[%emt 0:08:19]} Rc4 {[%emt 0:01:23]} 25. Ne2 {[%emt 0:03:12]} Bf5 {[%emt 0:01:08]} 26. Bg5 {[%emt 0:01:02]} Qb6 {[%emt 0:02:43]} 27. Bxf5 {[%emt 0:01:23]} gxf5 {[%emt 0:00:31]} 28. Rh3 {[%emt 0:00:10]} Ne6 {[%emt 0:00:21]} 29. Rg3 {[%emt 0:02:27]} Nxg5 {[%emt 0:00:25]} 30. Rxg5+ {[%emt 0:00:06]} Kf8 {[%emt 0:01:08]} 31. Rxh5 {[%emt 0:00:30]} Qe6 {[%emt 0:01:52]} 32. Rh6 {[%emt 0:06:07]} Qe4 {[%emt 0:03:22]} 33. Rh8+ {[%emt 0:03:24]} Ke7 {[%emt 0:00:48]} 34. f3 {[%emt 0:01:19]} Qc2 {[%emt 0:02:06]} 35. Qe3+ {[%emt 0:00:45]} Kd6 {[%emt 0:01:15]} 36. Qf4+ {[%emt 0:00:47]} Kc6 {[%emt 0:01:48]} 37. Rc8+ {[%emt 0:01:17]} Kb5 {[%emt 0:01:28]} 38. Nc3+ {[%emt 0:00:15]} Kb4 {[%emt 0:00:16]} 39. Qd6+ {[%emt 0:00:54]} Ka5 {[%emt 0:00:18]} 40. Qa3+ {[%emt 0:00:57]} Kb6 {[%emt 0:01:01]} 41. Nxd5+ {[%emt 0:00:26]} Kb5 {[%emt 0:00:21]} 42. Nc3+ {[%emt 0:00:35]} Kb6 {[%emt 0:00:21]} 43. Nd5+ {[%emt 0:00:27]} Kb5 {[%emt 0:00:12]} 44. Nc3+ {[%emt 0:00:17]} Kb6 {[%emt 0:00:06]} 45. Qd6+ {[%emt 0:00:17]} Ka5 {[%emt 0:00:13]} 46. Rxc4 {[%emt 0:00:24]} 1-0

[Event "10th Sharjah Cup Women 2020"]
[Site "Sharjah"]
[Date "2020.01.08"]
[Round "6.1"]
[White "Rapport, Jovana"]
[Black "Bulmaga, Irina"]
[Result "1/2-1/2"]
[WhiteElo "2333"]
[BlackElo "2446"]
[Annotator "TA"]
[PlyCount "31"]
[EventDate "2020.01.04"]
[EventType "swiss"]
[EventCountry "UAE"]
[SourceTitle "playchess.com"]
[Source "ChessBase"]
[SourceQuality "1"]

{[%evp 14,18,-2,0,3,7,4]} 1. d4 Nf6 2. Nf3 e6 3. c4 b6 4. Bf4 Bb7 5. e3 Bb4+ 6. Nfd2 O-O 7. a3 Be7 8. Nc3 d6 {E12: Queen's Indian: Unusual White 4th moves, 4 a3, 4 Nc3 Bb7 5 a3 and 4 Nc3 Bb7} (8... c5 9. d5 d6 10. e4 Nbd7 11. Be2 Ne8 12. O-O Bf6 13. Bg3 Bxc3 14. bxc3 e5 15. a4 a5 16. Nb1 Bc8 {0-1 (57) Grachev,B (2626)-Duda,J (2738) St Petersburg 2018}) 9. e4 (9. Qc2 Nbd7 10. Be2 c5 11. d5 exd5 12. cxd5 Nxd5 13. Bf3 Nxf4 14. Bxb7 Rb8 15. Be4 Ng6 16. Qa4 {0-1 (54) Rapport,J (2362)-Bulmaga,I (2429) Vandoeuvre les Nancy 2019}) 9... Nfd7 {Predecessor:} 10. Nf3 $146 Re8 11. Bd3 Nf8 12. d5 e5 13. Be3 Ng6 14. g3 Nd7 15. h4 f6 16. h5 {0-1 (48) Deak,L (2170)-Diamant,T (2152) Hungary 1999} 1/2-1/2

[Event "10th Sharjah Cup Women 2020"]
[Site "Sharjah"]
[Date "2020.01.08"]
[Round "6.2"]
[White "Dordzhieva, Dinara"]
[Black "Abdulla, Khayala"]
[Result "1-0"]
[WhiteElo "2326"]
[BlackElo "2275"]
[Annotator "TA"]
[PlyCount "127"]
[EventDate "2020.01.04"]
[EventType "swiss"]
[EventCountry "UAE"]
[SourceTitle "playchess.com"]
[Source "ChessBase"]
[SourceQuality "1"]

{[%evp 11,127,21,39,20,17,10,12,5,35,22,27,0,6,0,0,0,0,-17,-10,-24,61,47,68,44,95,39,46,0,-14,0,68,66,112,75,159,148,161,163,164,168,163,177,312,197,251,174,185,176,237,186,230,225,205,131,181,129,192,117,147,142,137,104,141,145,159,77,88,107,151,152,147,135,125,112,121,138,192,165,180,176,253,216,270,222,278,217,394,387,462,226,385,241,318,310,522,385,439,429,400,366,613,546,682,568,1817,1768,1344,1719,4898,1479,1935,1731,1467,969,6116,1219,29987,29985]} 1. d4 Nf6 2. c4 e6 3. g3 d5 4. Nf3 dxc4 5. Bg2 Nc6 6. Qa4 Bd6 7. Qxc4 {E04: Open Catalan: 5 Nf3} (7. Ne5 Bxe5 8. Bxc6+ bxc6 9. dxe5 Nd5 10. Qxc6+ Bd7 11. Qc5 Qe7 12. Qxe7+ Kxe7 13. Na3 c3 14. bxc3 Nxc3 {½-½ (88) Rausis,I (2617)-Nabaty,T (2644) Teplice 2017}) 7... O-O 8. O-O e5 9. d5 {The position is equal.} Ne7 10. Nc3 a6 11. e4 b5 $146 ({Predecessor:} 11... h6 12. b4 c6 13. Be3 cxd5 14. exd5 Bd7 {½-½ (41) Grabuzova,T (2332)-Djingarova,E (2358) Vrnjacka Banja 2005}) 12. Qe2 b4 13. Nb1 {[%cal Bc3b1,Bb1d2,Bd2c4][%mdl 32]} a5 {Black wants to play ...Ba6.} 14. Nbd2 Ba6 15. Nc4 {[%mdl 64] Double Attack} Nd7 (15... c6 $1 $11) 16. Qc2 $14 a4 17. Be3 Nb6 (17... h6 $14) 18. Nfd2 (18. Ncxe5 $16 {aiming for Rfe1.} Bxf1 19. Rxf1) 18... f5 19. f3 (19. Bxb6 $14 cxb6 20. Rfc1) 19... Nxc4 $11 20. Nxc4 Qe8 (20... f4 $11 21. gxf4 exf4) 21. Rfe1 $14 Qg6 {and if ...fxe4 works, Black does fine.} 22. Rac1 {[%cal Ba1c1,Bc1c7,Bc7b7][%mdl 32]} Bb5 (22... Bxc4 $142 23. Qxc4 Qf6) 23. Nxd6 $16 cxd6 24. Qd2 b3 25. axb3 axb3 26. Rc7 Nc8 (26... Rae8 $142 27. Rb7 Ba6) 27. Rb7 Be8 (27... Ba6 $142 28. Rxb3 Ne7) 28. Rxb3 fxe4 29. fxe4 Bd7 (29... Qg4 {is a better defense.} 30. Rb7 Rf7 31. Rxf7 Bxf7) 30. Rc3 Bg4 31. b4 Rb8 32. Rb3 Nb6 {[%cal Bc8b6,Bb6a4,Ba4c5][%mdl 32]} 33. Rc1 (33. b5 $18) 33... h5 (33... Nd7 $16 {keeps fighting.}) 34. Bg5 (34. b5 $18) 34... Rf7 35. h3 Bd7 36. Bh4 Rbf8 37. Qe3 Na4 38. Rf1 ({Better is} 38. Rc7) 38... Rxf1+ 39. Bxf1 Rf4 {White must now prevent ...Rxh4.} 40. Bg2 Rf8 41. b5 {[%cal Bb4b5,Bb5b6][%mdl 32]} Nc5 42. Rb1 Rb8 43. b6 Ba4 (43... Qe8 $16 {was called for.}) 44. Rb4 Qf7 45. Bg5 Qb7 (45... Bc2 $142 46. Qd2 Qg6) 46. Qe2 $18 Be8 47. Be3 Qc8 48. Kh2 Bg6 $2 (48... Qa6 {was necessary.} 49. Qxa6 Nxa6) 49. h4 Qd8 {[#]} 50. Bg5 (50. b7 $142 $1 {[%mdl 512]}) 50... Qd7 $2 (50... Qc8 51. Be3 Qd8) 51. Bf3 Qf7 52. Be3 Rf8 $2 (52... Nd7 53. Kg2 Kh7) 53. Kg2 Rb8 54. Bxc5 dxc5 55. Rb2 Qf6 $2 (55... Kh7 56. Qb5 Qe7) 56. Qb5 Rf8 57. Rb3 Qd6 58. b7 Qb8 59. Qxc5 Rd8 60. Kh2 (60. Qb6 $142 Kh7 {[#]} 61. Qxd8 $1 {[%mdl 576] Remove Defender, Promotion} Qxd8 62. b8=Q) 60... Kh7 61. Qb6 Rd7 62. Qa6 Rc7 63. Rb2 (63. Qa8 $142 Rxb7 64. Qxb8 Rxb8 65. Rxb8 Bf7 66. Rf8 Bg8 67. Re8 Bf7 68. Rxe5) 63... Rc3 64. Bg2 {Accuracy: White = 43%, Black = 31%.} 1-0

[Event "10th Sharjah Cup Women 2020"]
[Site "Sharjah"]
[Date "2020.01.08"]
[Round "6.3"]
[White "Bykova, Anastasia"]
[Black "Socko, Monika"]
[Result "0-1"]
[WhiteElo "2247"]
[BlackElo "2413"]
[Annotator "TA"]
[PlyCount "80"]
[EventDate "2020.01.04"]
[EventType "swiss"]
[EventCountry "UAE"]
[SourceTitle "playchess.com"]
[Source "ChessBase"]
[SourceQuality "1"]

{[%evp 23,80,0,47,30,46,20,16,0,24,14,18,18,21,21,16,18,42,35,43,17,18,18,64,41,76,83,187,175,243,254,250,242,287,0,0,11,0,0,0,-32,0,0,0,-34,-20,-31,-57,-52,0,0,0,-199,-212,-585,-573,-685,-708,-29984,-29985]} 1. Nf3 Nf6 2. c4 g6 3. g3 Bg7 4. Bg2 d6 5. O-O O-O 6. Nc3 c6 7. d4 Bf5 8. Nh4 Be6 9. d5 cxd5 10. cxd5 Bd7 11. Be3 Na6 12. Bd4 Qa5 13. a3 {E62: King's Indian: Fianchetto: 6...c6 and Panno Variation (6...Nc6) without ...a6} Rfc8 14. b4 (14. Nf3 Nc7 15. b4 Qa6 16. a4 Qc4 17. e4 Bg4 18. Re1 Bxf3 19. Bxf3 Nd7 20. Bxg7 Kxg7 21. Bg4 Rd8 22. Bxd7 Rxd7 {½-½ (73) Sychev,K (2445)-Rakhmanov,A (2662) Sochi 2016}) 14... Qd8 {[#]} 15. Qb3 $146 {The position is equal.} ({Predecessor:} 15. Qd3 Ng4 16. Bxg7 Kxg7 17. Nf3 Qc7 18. Rfc1 Qb6 19. e3 Nc7 20. h3 Ne5 21. Nxe5 dxe5 {½-½ (45) Swapnil,S (2526)-Sarkar,J (2415) Stockholm 2016}) 15... Qf8 16. Rac1 Ng4 17. Bxg7 Qxg7 18. Ne4 Nc7 19. a4 {[%cal Ba3a4,Ba4a5][%mdl 32]} b5 20. a5 Na6 21. h3 Ne5 22. Nd2 g5 23. Nhf3 Nxf3+ 24. Nxf3 g4 (24... f5 $16) 25. hxg4 $18 Qxg4 (25... Bxg4 $142 26. e3 h5) 26. Rxc8+ Rxc8 {[#]} 27. Qe3 $1 {[%csl LRa7,LRe7]} Nxb4 28. Qxe7 $2 ({White should play} 28. Qxa7 $18 {Strongly threatening Nh2.} Be8 29. Qxe7 Nxd5 30. Qxd6) 28... Nxd5 $11 {[%cal Bb4d5,Bd5c3,Bc3e2][%mdl 32]} 29. Qxd6 Qe6 $1 {[%cal Re6d6]} 30. Qa3 Nc3 ({Don't blunder} 30... Qxe2 $2 31. Re1 $18) 31. e3 Ne2+ 32. Kh2 Rc4 {( -> ...Qh6+)} 33. Nh4 Nc3 34. Re1 b4 $36 {[%mdl 2048] Black is more active.} 35. Qb2 b3 ({Black should try} 35... Qd6 $15 36. Kg1 Rg4) 36. Kg1 Rc5 37. Nf3 $2 {[#]} (37. e4 $11) 37... Na4 $1 $19 {[%cal Ra4b2]} 38. Qa3 $2 (38. Qd2 {nothing else works.} b2 39. Rb1) 38... b2 39. Nd4 Qc4 40. Ne2 {[#]} Qxe2 $1 {[%mdl 576] Promotion. Accuracy: White = 37%, Black = 48%.} 0-1

[Event "10th Sharjah Cup Women 2020"]
[Site "Sharjah"]
[Date "2020.01.08"]
[Round "6.4"]
[White "Sukandar, Irine Kharisma"]
[Black "Smirnova, Ekaterina"]
[Result "1-0"]
[WhiteElo "2402"]
[BlackElo "2249"]
[Annotator "TA"]
[PlyCount "89"]
[EventDate "2020.01.04"]
[EventType "swiss"]
[EventCountry "UAE"]
[SourceTitle "playchess.com"]
[Source "ChessBase"]
[SourceQuality "1"]

{[%evp 25,89,0,0,-36,-27,-22,-30,-40,-31,-45,-29,-31,-33,-34,-28,-41,0,0,112,106,95,116,89,90,91,33,43,0,0,0,0,0,0,-39,240,227,264,320,529,520,504,504,504,305,500,485,856,813,971,572,966,952,836,931,29980,29981,29981,29982,29981,29983,29984,29985,29985,29986,29984,29985]} 1. e4 e6 2. d4 d5 3. Nd2 Nc6 4. Ngf3 Nf6 5. e5 Nd7 6. Bd3 Nb4 7. Be2 c5 8. c3 Nc6 9. Bd3 cxd4 10. cxd4 Qb6 11. O-O Nxd4 12. Nxd4 Qxd4 13. Nf3 Qb6 14. a4 {C06: French Tarrasch: 3...Nf6 4 e5 Nfd7 5 Bd3 main lines} (14. Qa4 Qb4 15. Qc2 Nc5 16. Bd2 Qa4 17. b3 Qd7 18. Rac1 b6 19. Nd4 Ba6 20. Bxa6 Nxa6 21. Qd3 Nc5 22. Qe2 a5 23. Be3 Be7 24. Qg4 g6 {1-0 (75) Mamedov,R (2660)-Wang,H (2734) Shamkir 2014}) 14... Be7 15. Qc2 $146 ({Predecessor:} 15. a5 Qd8 16. Be3 O-O 17. Ra4 f5 18. exf6 Bxf6 19. Qc2 h6 20. Re1 e5 21. Qb3 Nb8 22. Bc5 Re8 23. Bg6 Re6 24. Rd1 Qc7 25. Rxd5 {1-0 (23) Krcmar,A (1723)-Nerat,G (1559) Celje 2014}) 15... Nc5 16. Bb5+ {Black has an edge.} Bd7 17. b4 Bxb5 18. bxc5 Qa6 $1 19. axb5 Qxa1 20. c6 b6 {...Qa5 is the strong threat.} 21. Bh6 $1 Qxf1+ (21... Qa3 $1 $11 22. Bxg7 Rg8 23. Qxh7 O-O-O) 22. Kxf1 $16 gxh6 23. Qa4 O-O 24. h3 Kh8 25. Ke2 ({White should play} 25. Qa6 $16) 25... Rfc8 26. Nh2 {[#]} a6 $1 27. bxa6 Rc7 28. Ng4 $36 {[%mdl 2048] White fights for an advantage.} Rca7 29. g3 Rxa6 $2 {[%mdl 8192]} (29... h5 $15 {keeps the upper hand.} 30. c7 Rxc7) 30. Qf4 $18 {[%mdl 64] Double Attack} Rf8 31. Qxh6 Raa8 $2 (31... Ra2+ 32. Kf3 Ra3+ 33. Kg2 Raa8) 32. Nf6 Bxf6 33. Qxf6+ {[%mdl 4096] Endgame KQ-KRR} ({Less strong is} 33. exf6 Rg8 $16) 33... Kg8 34. Qg5+ Kh8 35. h4 Rac8 (35... h5 $142 36. Qxh5+ Kg7 37. Qg5+ Kh7) 36. h5 {White wants to mate with h6.} h6 37. Qxh6+ Kg8 38. Qf6 {Threatening mate with h6.} Kh7 39. g4 Rxc6 40. h6 {[%csl Gh6][%cal Rf6g7] White mates.} Rg8 41. Qxf7+ Kh8 {[#]} 42. g5 $1 {[%mdl 576] Decoy} Rxg5 43. Qf6+ {[%mdl 64] Double Attack} Kh7 44. Qxg5 {[%csl Gh6][%cal Rg5g7]} Rc7 45. Qf6 {Accuracy: White = 75%, Black = 44%.} 1-0

[Event "10th Sharjah Cup Women 2020"]
[Site "Sharjah"]
[Date "2020.01.08"]
[Round "6.5"]
[White "Al Maamari, Wafia Darwish"]
[Black "Assaubayeva, Bibisara"]
[Result "1/2-1/2"]
[WhiteElo "1866"]
[BlackElo "2375"]
[Annotator "TA"]
[PlyCount "119"]
[EventDate "2020.01.04"]
[EventType "swiss"]
[EventCountry "UAE"]
[SourceTitle "playchess.com"]
[Source "ChessBase"]
[SourceQuality "1"]

{[%evp 13,119,5,0,8,0,0,0,11,6,14,15,-4,-8,-3,-14,-4,-11,-1,-12,-36,-6,-64,-57,-74,0,0,0,-7,0,-39,-14,0,86,79,79,63,74,65,54,35,41,38,61,59,66,68,66,66,68,66,66,55,67,47,42,50,93,14,10,0,0,0,0,0,0,0,0,-7,0,0,0,0,2,0,0,12,89,89,137,19,29,7,16,16,19,22,77,0,0,0,0,0,0,0,0,0,0,0,0,0,0,0,0,0,0,0,0,0]} 1. e4 c5 2. Nf3 d6 3. d4 cxd4 4. Nxd4 Nf6 5. Nc3 a6 6. h3 e5 7. Nde2 b5 {[%cal Bb7b5,Bb5b4][%mdl 32]} 8. g4 {B90: Sicilian Najdorf: Unusual White 6th moves, 6 Be3 Ng4 and 6 Be3 e5} (8. Ng3 Nbd7 9. Bg5 h6 10. Be3 Bb7 11. Bd3 h5 12. Bg5 g6 13. O-O Be7 14. a3 h4 15. Nge2 Nc5 16. Bxf6 Bxf6 {1-0 (48) Dominguez Perez,L (2739)-Vachier Lagrave,M (2779) chess.com INT 2018}) 8... b4 9. Nd5 Nxd5 $1 10. Qxd5 Ra7 11. Be3 Be6 12. Qd2 Rd7 13. Qxb4 d5 14. Qa4 $1 d4 15. Bd2 Qb6 16. O-O-O $146 Be7 17. Ng3 (17. f4 $11 O-O 18. Kb1 (18. fxe5 d3 $15)) 17... O-O $15 18. Nf5 Bxf5 (18... Bc5 $1 $17) 19. gxf5 $11 Rb7 {[%csl Gb7][%cal Rb6b2]} 20. b3 Nd7 21. Qa5 Qc6 {Black wants to play ...Nc5.} 22. Qd5 $1 {[%cal Rd5c6]} Qxd5 (22... Qc7 $11 {remains equal.} 23. Qa5 (23. Bxa6 Ra7 $19) 23... Rb6) 23. exd5 $16 Rc7 24. Ba5 ({Not} 24. Bxa6 Ra8 $17) 24... Ba3+ 25. Kb1 Rc5 {[%mdl 64] Double Attack} 26. Bd2 a5 27. Rg1 Rfc8 28. Ba6 Rb8 29. Bh6 $36 {[%mdl 2048] White has good play.} g6 30. f4 Rxd5 31. fxg6 hxg6 32. Bc4 Rd6 33. f5 Nb6 34. Bd3 {[%cal Rf5g6]} Nd5 35. Rdf1 (35. Rde1 $16) 35... Kh7 $1 $11 {[%cal Rh7h6]} 36. Bd2 {Strongly threatening fxg6+.} Bb4 $1 {[%cal Rb4d2]} 37. fxg6+ fxg6 38. Kc1 Bxd2+ 39. Kxd2 Re8 40. Rg4 Kg7 41. Rfg1 {[%cal Rd3g6]} Nf4 42. h4 Kh6 43. Re1 {And now Rxf4! would win.} Nxd3 44. Kxd3 {[%mdl 4096] Endgame KRR-KRR} Rd5 {[#]} (44... a4 $1 $11 {keeps the balance.}) 45. Rge4 $1 $16 a4 {[#]} 46. Kc4 ({But not} 46. bxa4 $6 Rc5 $11) (46. b4 $1 $16) 46... Ra5 $11 47. Kb4 {[%mdl 64] Double Attack} Rd5 48. Kxa4 {Black must now prevent Kb4.} Ra8+ 49. Kb4 {Hoping for a4.} Rxa2 50. Kc4 (50. Rxe5 $16 Rxe5 51. Rxe5) 50... Rd8 {The position is equal.} 51. Kd3 Rc8 {aiming for ...Rc3+.} 52. Rxe5 {Threatens to win with R1e2.} Raxc2 53. Kxd4 Rb8 54. Re6 Rb4+ 55. Kd3 Rb2 56. Rg1 R2xb3+ 57. Kc2 $1 Rb2+ 58. Kc3 R4b3+ 59. Kc4 Rb4+ 60. Kc3 {Accuracy: White = 51%, Black = 73%.} 1/2-1/2